| 000 | 02219nam0a2200361 4500 | ||
|---|---|---|---|
| 001 | RU\NLR\BIBL_A\022739873 | ||
| 005 | 20260426080715.0 | ||
| 010 |
_a978-5-91777-263-9 _9300 |
||
| 021 |
_aRU _bКН-П-26-000187 _9КН-П-26-0020 |
||
| 035 | _a(NLR Aleph) 022739873 | ||
| 090 |
_a13696985 _c13696985 |
||
| 100 | _a20260227d2025 k y0rusy50 ca | ||
| 101 | 0 | _arus | |
| 102 | _aRU | ||
| 105 | _aa|||z|||000yy | ||
| 181 | 0 |
_ai3 _baxxe |
|
| 182 | 0 | _an | |
| 200 | 1 |
_aУльтразвуковые исследования кровеносных сосудов байкальской нерпы _eнаучно-методические рекомендации _fАникиенко И. В., Рядинская Н. И. _gФедеральное государственное бюджетное образовательное учреждение высшего образования "Иркутский государственный аграрный университет имени А. А. Ежевского", Факультет биотехнологии и ветеринарной медицины, Кафедра морфологии животных и ветеринарной санитарии |
|
| 203 |
_aТекст _bвизуальный _cнепосредственный |
||
| 210 |
_aМолодежный _cИзд-во ИрГАУ _d2025 |
||
| 215 |
_a39 с. _cцв. ил., табл. _d21 |
||
| 300 | _aНа обороте тит. с. авт.: доц., канд. биол. наук Аникиенко И. В., проф., д-р биол. наук Рядинская Н. И. | ||
| 320 | _aБиблиогр.: с. 36-39 (52 назв.) | ||
| 606 | 1 |
_aКровеносные сосуды байкальской нерпы _jМетодические пособия _xУльтразвуковые исследования _92706560 _3RU\NLR\AUTH\6601769670 |
|
| 686 | 1 | _aЕ663.52в732.8я8 | |
| 686 | 1 | _aЕ669.536в732.8я8 | |
| 686 | 1 | _aП836.71в732.8я8 | |
| 700 | 1 |
_aАникиенко _bИ. В. _gИнна Викторовна |
|
| 701 | 1 |
_aРядинская _bН. И. _gНина Ильинична |
|
| 942 | _cBOOK | ||
| 980 | _aNB | ||